[Event "26. Open de Ajedrez Ciudad de Roquetas"]
[Site "Roquetas de Mar ESP"]
[Date "2015.01.02"]
[Round "1.1"]
[White "Maiorov, Nikita"]
[Black "Sanchez Dengra, Jose Maria"]
[Result "1-0"]
[WhiteElo "2596"]
[BlackElo "2104"]
[PlyCount "55"]
[EventDate "2015.01.02"]
[EventType "swiss"]
[EventRounds "9"]
[EventCountry "ESP"]
[Source "lmi"]
[SourceDate "2015.01.02"]

1. d4 Nf6 2. c4 e6 3. Nc3 Bb4 4. Qc2 Nc6 5. Nf3 O-O 6. a3 Bxc3+ 7. Qxc3 d6 8.
g3 e5 9. d5 Nb8 10. Bg2 a5 11. b3 Bd7 12. Bb2 c6 13. dxc6 Bxc6 14. O-O Qe7 15.
b4 b6 16. Rfd1 Ra7 17. Qd2 Ba4 18. Rdc1 Nbd7 19. Nh4 Qe6 20. Rc3 e4 21. Qf4 d5
22. Nf5 Ne5 23. Qg5 Ng6 24. cxd5 Qxd5 25. Rd3 Qe6 26. Rd6 h6 27. Qxg6 fxg6 28.
Nxh6+ 1-0

[Event "26. Open de Ajedrez Ciudad de Roquetas"]
[Site "Roquetas de Mar ESP"]
[Date "2015.01.02"]
[Round "1.2"]
[White "Ruperez Benito, Antonio"]
[Black "Korneev, Oleg"]
[Result "0-1"]
[WhiteElo "2102"]
[BlackElo "2591"]
[PlyCount "56"]
[EventDate "2015.01.02"]
[EventType "swiss"]
[EventRounds "9"]
[EventCountry "ESP"]
[Source "lmi"]
[SourceDate "2015.01.02"]

1. e4 c5 2. Nf3 e6 3. c3 Nf6 4. e5 Nd5 5. Bc4 d6 6. exd6 Bxd6 7. d4 O-O 8. O-O
Nc6 9. Bg5 f6 10. Bh4 Kh8 11. Bg3 a5 12. Nbd2 Bxg3 13. hxg3 cxd4 14. cxd4 Nb6
15. Re1 Nxd4 16. Nxd4 Qxd4 17. Bxe6 Qxb2 18. Rb1 Qd4 19. Re4 Qd6 20. Qb3 Qxd2
21. Qxb6 Bxe6 22. Qxe6 Rac8 23. Rxb7 Rc1+ 24. Kh2 Qd1 25. g4 Qh1+ 26. Kg3 Rg1
27. Re2 Qxg2+ 28. Kf4 Qxb7 0-1

[Event "26. Open de Ajedrez Ciudad de Roquetas"]
[Site "Roquetas de Mar ESP"]
[Date "2015.01.02"]
[Round "1.4"]
[White "Fernandez Rodriguez, Jose A."]
[Black "Lopez Martinez, Josep Manuel"]
[Result "0-1"]
[WhiteElo "2097"]
[BlackElo "2538"]
[PlyCount "54"]
[EventDate "2015.01.02"]
[EventType "swiss"]
[EventRounds "9"]
[EventCountry "ESP"]
[Source "lmi"]
[SourceDate "2015.01.02"]

1. f4 d5 2. d4 g6 3. Nf3 Bg7 4. e3 Nh6 5. Bd3 Bf5 6. O-O O-O 7. c3 Nd7 8. Qe2
c5 9. Nbd2 Qc7 10. Nh4 Bxd3 11. Qxd3 e6 12. Ndf3 Rfe8 13. Bd2 Nf6 14. h3 Nf5
15. Be1 Ne4 16. g4 c4 17. Qe2 Nfg3 18. Bxg3 Nxg3 19. Qg2 Nxf1 20. Rxf1 b5 21.
g5 b4 22. cxb4 Reb8 23. a3 a5 24. bxa5 Rxa5 25. Ne5 Rab5 26. Rf2 Qb7 27. Ng4
Rxb2 0-1

[Event "26. Open de Ajedrez Ciudad de Roquetas"]
[Site "Roquetas de Mar ESP"]
[Date "2015.01.02"]
[Round "1.5"]
[White "Arribas Lopez, Angel"]
[Black "Lopez Rivera, Jesus"]
[Result "1-0"]
[WhiteElo "2537"]
[BlackElo "2095"]
[PlyCount "65"]
[EventDate "2015.01.02"]
[EventType "swiss"]
[EventRounds "9"]
[EventCountry "ESP"]
[Source "lmi"]
[SourceDate "2015.01.02"]

1. e4 c5 2. Nc3 d6 3. Nge2 g6 4. d4 cxd4 5. Nxd4 Nf6 6. Be3 Bg7 7. f3 O-O 8.
Bc4 Nc6 9. Qd2 Bd7 10. O-O-O Rc8 11. Bb3 Nxd4 12. Bxd4 b5 13. h4 a5 14. a4 b4
15. Nb5 Qe8 16. Qd3 Nh5 17. Bxg7 Kxg7 18. g4 Nf4 19. Qe3 Bxb5 20. axb5 e5 21.
Ba4 Qe6 22. Kb1 Rfd8 23. h5 g5 24. Rd2 Rb8 25. Qa7 Qc8 26. Qe7 Ne6 27. Rxd6
Rxd6 28. Qxd6 Qc7 29. h6+ Kg6 30. Qc6 Qxc6 31. bxc6 Nd4 32. Rd1 f6 33. Rd3 1-0

[Event "26. Open de Ajedrez Ciudad de Roquetas"]
[Site "Roquetas de Mar ESP"]
[Date "2015.01.02"]
[Round "1.6"]
[White "Ortega Lopez, Mikel"]
[Black "Forcen Esteban, Daniel"]
[Result "0-1"]
[WhiteElo "2094"]
[BlackElo "2526"]
[PlyCount "64"]
[EventDate "2015.01.02"]
[EventType "swiss"]
[EventRounds "9"]
[EventCountry "ESP"]
[Source "lmi"]
[SourceDate "2015.01.02"]

1. e4 c5 2. Nf3 e6 3. d4 cxd4 4. Nxd4 Nc6 5. Nc3 d6 6. Be3 a6 7. Bd3 Nf6 8. O-O
Be7 9. Kh1 O-O 10. f4 Qc7 11. Qf3 Nxd4 12. Bxd4 e5 13. Be3 b5 14. fxe5 dxe5 15.
Bg5 b4 16. Nd1 Ng4 17. Bxe7 Qxe7 18. Bc4 Qh4 19. h3 Nf6 20. Nf2 Bb7 21. Rae1
Rac8 22. b3 Kh8 23. Kh2 Rcd8 24. Re2 Rd4 25. Rfe1 a5 26. c3 bxc3 27. Qxc3 Nh5
28. Ng4 f5 29. Qf3 Nf4 30. Nxe5 Nxe2 31. Rxe2 Qe7 32. Qf4 g5 0-1

[Event "26. Open de Ajedrez Ciudad de Roquetas"]
[Site "Roquetas de Mar ESP"]
[Date "2015.01.03"]
[Round "2.1"]
[White "Sanchez Jerez, Emilio Miguel"]
[Black "Maiorov, Nikita"]
[Result "0-1"]
[WhiteElo "2282"]
[BlackElo "2596"]
[PlyCount "54"]
[EventDate "2015.01.02"]
[EventType "swiss"]
[EventRounds "9"]
[EventCountry "ESP"]
[Source "lmi"]
[SourceDate "2015.01.02"]

1. e4 e5 2. Nf3 Nc6 3. Bc4 Bc5 4. b4 Bxb4 5. c3 Be7 6. d4 Na5 7. Be2 exd4 8.
Qxd4 d6 9. Qxg7 Bf6 10. Qg3 Ne7 11. Bg5 Ng6 12. O-O h6 13. Bxf6 Qxf6 14. Nd4
Nf4 15. Bg4 Rg8 16. Bd7+ Kf8 17. Bxc8 Rxc8 18. Kh1 c5 19. Qf3 cxd4 20. cxd4
Rxg2 21. Nd2 Rc3 22. Qxc3 Rxh2+ 23. Kxh2 Qh4+ 24. Kg1 Ne2+ 25. Kg2 Nxc3 26. f4
Ne2 27. Kf3 Nxd4+ 0-1

[Event "26. Open de Ajedrez Ciudad de Roquetas"]
[Site "Roquetas de Mar ESP"]
[Date "2015.01.03"]
[Round "2.2"]
[White "Korneev, Oleg"]
[Black "Santos Ruiz, Miguel"]
[Result "1-0"]
[WhiteElo "2591"]
[BlackElo "2310"]
[PlyCount "45"]
[EventDate "2015.01.02"]
[EventType "swiss"]
[EventRounds "9"]
[EventCountry "ESP"]
[Source "lmi"]
[SourceDate "2015.01.02"]

1. e4 e6 2. d4 d5 3. Nd2 Nc6 4. Ngf3 Nf6 5. e5 Nd7 6. Nb3 a5 7. a4 Be7 8. c3 b6
9. h4 f6 10. Bb5 Bb7 11. exf6 Bxf6 12. Qe2 Qe7 13. Bf4 O-O-O 14. Bg3 Rhe8 15.
O-O Qf7 16. Rfe1 h6 17. Rac1 Qh5 18. c4 dxc4 19. Rxc4 Qd5 20. Rec1 Ndb8 21. Qc2
Kd7 22. Nc5+ bxc5 23. Rxc5 1-0

[Event "26. Open de Ajedrez Ciudad de Roquetas"]
[Site "Roquetas de Mar ESP"]
[Date "2015.01.03"]
[Round "2.4"]
[White "Lopez Martinez, Josep Manuel"]
[Black "Mohammad, Nubairshah Shaikh"]
[Result "1-0"]
[WhiteElo "2538"]
[BlackElo "2275"]
[PlyCount "126"]
[EventDate "2015.01.02"]
[EventType "swiss"]
[EventRounds "9"]
[EventCountry "ESP"]
[Source "lmi"]
[SourceDate "2015.01.02"]

1. d4 d5 2. c4 c6 3. Nf3 Nf6 4. g3 g6 5. Bg2 Bg7 6. O-O O-O 7. Qb3 Qb6 8. Nc3
Bf5 9. Qxb6 axb6 10. cxd5 Nxd5 11. Nxd5 cxd5 12. Bd2 Nc6 13. e3 Be4 14. Rfc1
Ra4 15. Ne1 Bxg2 16. Kxg2 Rfa8 17. a3 e6 18. Rab1 Kf8 19. Rc3 Ke8 20. Rb3 R4a6
21. Nd3 Kd7 22. g4 Bf8 23. h4 Bd6 24. g5 h5 25. f3 Rc8 26. Rc1 e5 27. dxe5 Nxe5
28. Rxc8 Kxc8 29. Nxe5 Bxe5 30. Bc3 Bxc3 31. Rxc3+ Kd7 32. Rd3 Kc6 33. Rd4 Ra8
34. Rf4 Re8 35. Rxf7 Rxe3 36. Rf6+ Kc5 37. Rxg6 Re2+ 38. Kf1 Rxb2 39. Re6 Rb3
40. Kf2 Rxa3 41. g6 d4 42. f4 Ra2+ 43. Re2 Ra8 44. f5 Rg8 45. Re7 Kd6 46. Rf7
b5 47. g7 b4 48. f6 b3 49. Re7 b2 50. Re1 b1=Q 51. Rxb1 Ke6 52. Rb6+ Kf7 53.
Rd6 b5 54. Kf3 Re8 55. Kf4 Kg6 56. Re6 Rd8 57. Ke4 Kf7 58. Ke5 d3 59. Re7+ Kg6
60. f7 Kxg7 61. Re8 Rd5+ 62. Kxd5 Kxf7 63. Re3 Kg6 1-0

[Event "26. Open de Ajedrez Ciudad de Roquetas"]
[Site "Roquetas de Mar ESP"]
[Date "2015.01.03"]
[Round "2.5"]
[White "Gavilan Diaz, Manio"]
[Black "Arribas Lopez, Angel"]
[Result "0-1"]
[WhiteElo "2250"]
[BlackElo "2537"]
[PlyCount "70"]
[EventDate "2015.01.02"]
[EventType "swiss"]
[EventRounds "9"]
[EventCountry "ESP"]
[Source "lmi"]
[SourceDate "2015.01.02"]

1. e4 c5 2. Nf3 d6 3. d4 cxd4 4. Nxd4 Nf6 5. Nc3 g6 6. Be3 Bg7 7. f3 Nc6 8. Qd2
O-O 9. O-O-O d5 10. Kb1 Qd7 11. Nb3 dxe4 12. Qxd7 Bxd7 13. Nxe4 Rfd8 14. Nxf6+
Bxf6 15. Bd3 b6 16. Be4 Rac8 17. f4 Kg7 18. Rd2 e5 19. Rhd1 Bg4 20. Rxd8 Nxd8
21. Rd2 exf4 22. Bf2 Ne6 23. h3 Ng5 24. Bd3 Bh5 25. a4 Re8 26. a5 bxa5 27. Nxa5
Ne4 28. Bxe4 Rxe4 29. Bxa7 Ra4 30. Rd5 g5 31. Bg1 Re4 32. Bc5 Re1+ 33. Ka2 Re2
34. b4 Rxg2 35. b5 Bf3 0-1

[Event "26. Open de Ajedrez Ciudad de Roquetas"]
[Site "Roquetas de Mar ESP"]
[Date "2015.01.03"]
[Round "2.6"]
[White "Forcen Esteban, Daniel"]
[Black "Alshameary Puente, Ismael"]
[Result "1-0"]
[WhiteElo "2526"]
[BlackElo "2231"]
[PlyCount "63"]
[EventDate "2015.01.02"]
[EventType "swiss"]
[EventRounds "9"]
[EventCountry "ESP"]
[Source "lmi"]
[SourceDate "2015.01.02"]

1. d4 Nf6 2. Nf3 g6 3. c4 Bg7 4. Nc3 d5 5. Bg5 dxc4 6. e4 c5 7. dxc5 Qa5 8. Qd4
Be6 9. Bxc4 Nc6 10. Bb5 O-O 11. Qa4 Nd7 12. Qxa5 Nxa5 13. Bxe7 Rfe8 14. Bd6 a6
15. Ba4 Nc4 16. O-O-O Rec8 17. Bxd7 Bxd7 18. Nd4 b6 19. Nb3 bxc5 20. Bxc5 Be6
21. Bd4 Bh6+ 22. Kb1 Rab8 23. Rd3 a5 24. Rhd1 f5 25. f3 fxe4 26. Nxe4 a4 27.
Nbc5 Bf5 28. Nxa4 Rb4 29. b3 Na3+ 30. Kb2 Nc2 31. Bc3 Rxa4 32. Rd8+ 1-0

[Event "26. Open de Ajedrez Ciudad de Roquetas"]
[Site "Roquetas de Mar ESP"]
[Date "2015.01.03"]
[Round "3.1"]
[White "Maiorov, Nikita"]
[Black "Fernandez Garcia, Jose Miguel"]
[Result "1-0"]
[WhiteElo "2596"]
[BlackElo "2434"]
[PlyCount "66"]
[EventDate "2015.01.02"]
[EventType "swiss"]
[EventRounds "9"]
[EventCountry "ESP"]
[Source "lmi"]
[SourceDate "2015.01.02"]

1. d4 Nf6 2. c4 e6 3. Nc3 Bb4 4. Qc2 d5 5. a3 Bxc3+ 6. Qxc3 dxc4 7. Qxc4 O-O 8.
g3 Bd7 9. Bg2 Bc6 10. f3 Nbd7 11. e4 a6 12. Qc2 Rc8 13. Nh3 Qe7 14. Be3 a5 15.
a4 Qb4+ 16. Ke2 Qe7 17. Qc3 Ra8 18. Nf2 Rfc8 19. Rhd1 Nb8 20. Nd3 b6 21. Bh3
Bd7 22. Ne5 c6 23. Nc4 Ra6 24. Qb3 Qd8 25. Ke1 b5 26. Ne5 Rb6 27. axb5 Rxb5 28.
Qc3 Qb6 29. Nc4 Qd8 30. Ne5 Qb6 31. d5 Qb7 32. Nxd7 Nfxd7 33. dxe6 Ne5 1-0

[Event "26. Open de Ajedrez Ciudad de Roquetas"]
[Site "Roquetas de Mar ESP"]
[Date "2015.01.03"]
[Round "3.2"]
[White "Camacho Collados, Marcos"]
[Black "Korneev, Oleg"]
[Result "0-1"]
[WhiteElo "2461"]
[BlackElo "2591"]
[PlyCount "96"]
[EventDate "2015.01.02"]
[EventType "swiss"]
[EventRounds "9"]
[EventCountry "ESP"]
[Source "lmi"]
[SourceDate "2015.01.02"]

1. Nf3 d5 2. e3 Nf6 3. b3 Bf5 4. Bb2 e6 5. d4 Bb4+ 6. c3 Be7 7. Bd3 O-O 8. O-O
c6 9. c4 Bxd3 10. Qxd3 Nbd7 11. Nc3 Bb4 12. Ne2 Ne4 13. c5 Ba5 14. a3 Bc7 15.
b4 Qf6 16. Rad1 a6 17. Ng3 Bxg3 18. hxg3 Qh6 19. Ne5 Rad8 20. Bc3 f6 21. Nxd7
Rxd7 22. Be1 Qg5 23. a4 f5 24. f3 Rdf7 25. Qe2 Qh5 26. Qc2 Ng5 27. Bd2 Rf6 28.
e4 fxe4 29. g4 Qh4 30. Bxg5 Qxg5 31. Qe2 exf3 32. gxf3 h5 33. Kg2 hxg4 34. fxg4
Rxf1 35. Rxf1 Rxf1 36. Kxf1 Kf7 37. Kg2 Qf4 38. Qd1 e5 39. dxe5 Ke6 40. Kh3 g5
41. Qd3 Qe4 42. Qf1 Qe3+ 43. Kg2 Qf4 44. Qxf4 gxf4 45. Kf3 Kxe5 46. g5 Kf5 47.
g6 Kxg6 48. Kxf4 Kf6 0-1

[Event "26. Open de Ajedrez Ciudad de Roquetas"]
[Site "Roquetas de Mar ESP"]
[Date "2015.01.03"]
[Round "3.3"]
[White "Panelo Muñoz, Marcelo A."]
[Black "Svetushkin, Dmitrty"]
[Result "1/2-1/2"]
[WhiteElo "2423"]
[BlackElo "2581"]
[PlyCount "90"]
[EventDate "2015.01.02"]
[EventType "swiss"]
[EventRounds "9"]
[EventCountry "ESP"]
[Source "lmi"]
[SourceDate "2015.01.02"]

1. d4 Nf6 2. c4 e6 3. Nf3 Bb4+ 4. Bd2 a5 5. g3 d6 6. Bg2 Nbd7 7. O-O e5 8. Nc3
O-O 9. a3 Bxc3 10. Bxc3 e4 11. Nd2 Re8 12. d5 a4 13. f3 Nc5 14. Nxe4 Nfxe4 15.
fxe4 Nxe4 16. Bd4 Qg5 17. Rf4 Qg6 18. Qd3 Nc5 19. Qxg6 hxg6 20. Raf1 f6 21.
Bxc5 dxc5 22. Re4 Bf5 23. Rxe8+ Rxe8 24. Kf2 Kf7 25. h4 Be4 26. Bf3 Re5 27. Rg1
Ke7 28. g4 Kd6 29. g5 f5 30. Kg3 Re8 31. Kf4 Re7 32. Rh1 b5 33. cxb5 Kxd5 34.
Rc1 c4 35. Rd1+ Kc5 36. Rd8 c3 37. bxc3 Kc4 38. Rd4+ Kb3 39. Rb4+ Kxa3 40. b6
cxb6 41. Rxb6 Bc2 42. Rxg6 Kb2 43. Rb6+ Bb3 44. Bd5 Kc2 45. Bxb3+ axb3 1/2-1/2

[Event "26. Open de Ajedrez Ciudad de Roquetas"]
[Site "Roquetas de Mar ESP"]
[Date "2015.01.03"]
[Round "3.4"]
[White "Lopez Mulet, Iñigo"]
[Black "Lopez Martinez, Josep Manuel"]
[Result "0-1"]
[WhiteElo "2403"]
[BlackElo "2538"]
[PlyCount "88"]
[EventDate "2015.01.02"]
[EventType "swiss"]
[EventRounds "9"]
[EventCountry "ESP"]
[Source "lmi"]
[SourceDate "2015.01.02"]

1. d4 e6 2. c4 Bb4+ 3. Bd2 a5 4. g3 d5 5. Nf3 dxc4 6. Qc2 b5 7. a4 c6 8. axb5
Bxd2+ 9. Nfxd2 cxb5 10. Bg2 Ra7 11. O-O Ne7 12. b3 O-O 13. bxc4 b4 14. e3 Qc7
15. c5 Bb7 16. Bxb7 Qxb7 17. Nc4 Nbc6 18. Nbd2 Nd5 19. Ne4 Qa6 20. Ng5 g6 21.
Nd6 Nc3 22. Nde4 Qe2 23. Qxe2 Nxe2+ 24. Kg2 h6 25. Nf3 f5 26. Nd6 a4 27. Nb5
Ra5 28. Rfe1 Rxb5 29. Rxe2 Ra8 30. Rea2 Rba5 31. Nd2 b3 32. Rb2 Nb4 33. Nxb3
axb3 34. Rxa5 Rxa5 35. Rxb3 Nd5 36. Rb8+ Kf7 37. Rb7+ Kf6 38. Rh7 Ra2 39. Kf3
Nc3 40. Kg2 Ne4 41. Rb7 Nxf2 42. c6 Ng4+ 43. Kg1 Rc2 44. c7 Nxe3 0-1

[Event "26. Open de Ajedrez Ciudad de Roquetas"]
[Site "Roquetas de Mar ESP"]
[Date "2015.01.03"]
[Round "3.5"]
[White "Arribas Lopez, Angel"]
[Black "Garriga Cazorla, Pere"]
[Result "1/2-1/2"]
[WhiteElo "2537"]
[BlackElo "2393"]
[PlyCount "49"]
[EventDate "2015.01.02"]
[EventType "swiss"]
[EventRounds "9"]
[EventCountry "ESP"]
[Source "lmi"]
[SourceDate "2015.01.02"]

1. c4 c5 2. g3 Nc6 3. Bg2 g6 4. Nf3 Bg7 5. O-O e5 6. Nc3 d6 7. d3 Nge7 8. a3 a5
9. Bd2 O-O 10. Nd5 Rb8 11. Ne1 Be6 12. Nxe7+ Qxe7 13. Nc2 a4 14. Rb1 Qd7 15. b4
axb3 16. Rxb3 d5 17. cxd5 Bxd5 18. Bxd5 Qxd5 19. Ne3 Qe6 20. Rb5 b6 21. Bc3 e4
22. Bxg7 Kxg7 23. dxe4 Nd4 24. Rb2 Qxe4 25. Qd3 1/2-1/2

[Event "26. Open de Ajedrez Ciudad de Roquetas"]
[Site "Roquetas de Mar ESP"]
[Date "2015.01.03"]
[Round "3.6"]
[White "Lorenzo de la Riva, Lazaro"]
[Black "Forcen Esteban, Daniel"]
[Result "0-1"]
[WhiteElo "2371"]
[BlackElo "2526"]
[PlyCount "118"]
[EventDate "2015.01.02"]
[EventType "swiss"]
[EventRounds "9"]
[EventCountry "ESP"]
[Source "lmi"]
[SourceDate "2015.01.02"]

1. e4 c5 2. Nf3 d6 3. d4 cxd4 4. Nxd4 Nf6 5. Nc3 a6 6. Bg5 Nbd7 7. Bc4 Qb6 8.
Bb3 e6 9. f3 Be7 10. Qd2 Nc5 11. O-O-O Qc7 12. Kb1 b5 13. a3 Bd7 14. h4 Qb7 15.
Rhe1 O-O 16. e5 dxe5 17. Rxe5 Nxb3 18. Nxb3 Rfd8 19. Nc5 Qc7 20. Qe3 Bc6 21.
Rxd8+ Bxd8 22. h5 a5 23. h6 b4 24. Nd1 bxa3 25. hxg7 Nd7 26. Nxd7 Qxd7 27. Nf2
f6 28. Rxe6 fxg5 29. Qxa3 Bb6 30. Re7 Qd4 31. Nd3 Bd5 32. Re1 Bf7 33. Re4 Qd7
34. Re7 Qd8 35. Re5 Bd4 36. Rb5 Bxg7 37. Qc5 h6 38. Rb7 Qd5 39. Qc7 a4 40. Kc1
Re8 41. Rb8 Rxb8 42. Qxb8+ Kh7 43. Qc8 Bg6 44. Qc5 Qxc5 45. Nxc5 Be8 46. b3
axb3 47. cxb3 Kg6 48. Kd2 Bd4 49. Ne4 Bc6 50. Kd3 Be5 51. g4 Bb5+ 52. Ke3 Kf7
53. Nc5 Bc7 54. Na4 Ke6 55. Nc5+ Kd5 56. Ne4 Ke5 57. Kf2 Bc6 58. Kg3 Bb6 59.
Kg2 Kf4 0-1

[Event "26. Open de Ajedrez Ciudad de Roquetas"]
[Site "Roquetas de Mar ESP"]
[Date "2015.01.04"]
[Round "4.1"]
[White "Delorme, Axel"]
[Black "Maiorov, Nikita"]
[Result "1/2-1/2"]
[WhiteElo "2502"]
[BlackElo "2596"]
[PlyCount "62"]
[EventDate "2015.01.02"]
[EventType "swiss"]
[EventRounds "9"]
[EventCountry "ESP"]
[Source "lmi"]
[SourceDate "2015.01.02"]

1. d4 Nf6 2. c4 e6 3. g3 Bb4+ 4. Bd2 Be7 5. Bg2 d5 6. Nf3 O-O 7. O-O Nbd7 8.
Qc2 c6 9. Rd1 b6 10. Bf4 Bb7 11. Nc3 dxc4 12. Nd2 Nd5 13. Nxc4 Nxf4 14. gxf4
Nf6 15. e3 Nd5 16. a3 Rc8 17. b4 f5 18. Ne5 Bd6 19. Nxd5 cxd5 20. Qd2 Qe7 21.
Rac1 g6 22. Rxc8 Rxc8 23. Rc1 Rc7 24. Rc2 Qd8 25. Qc1 Rxc2 26. Qxc2 Qc8 27.
Qxc8+ Bxc8 28. Bf1 Bb7 29. Bb5 Kf8 30. Bc6 Bxe5 31. Bxb7 Bd6 1/2-1/2

[Event "26. Open de Ajedrez Ciudad de Roquetas"]
[Site "Roquetas de Mar ESP"]
[Date "2015.01.04"]
[Round "4.2"]
[White "Korneev, Oleg"]
[Black "Libiszewski, Fabien"]
[Result "1-0"]
[WhiteElo "2591"]
[BlackElo "2510"]
[PlyCount "109"]
[EventDate "2015.01.02"]
[EventType "swiss"]
[EventRounds "9"]
[EventCountry "ESP"]
[Source "lmi"]
[SourceDate "2015.01.02"]

1. e4 c5 2. Nf3 Nc6 3. d4 cxd4 4. Nxd4 e5 5. Nb5 d6 6. N1c3 a6 7. Na3 Be7 8.
Nc4 b5 9. Ne3 Nf6 10. Bd3 O-O 11. O-O Rb8 12. Ncd5 Nxd5 13. Nxd5 Bg5 14. a3
Bxc1 15. Rxc1 Be6 16. Ne3 Qb6 17. c3 Rfd8 18. b4 Ne7 19. Qe2 g6 20. h3 d5 21.
exd5 Nxd5 22. Nxd5 Rxd5 23. c4 Rxd3 24. Qxd3 Bxc4 25. Rxc4 bxc4 26. Qxc4 Rd8
27. Re1 Kg7 28. Qe4 Re8 29. Rd1 a5 30. Rd5 axb4 31. axb4 Qc7 32. b5 Re6 33. Qe3
Qa5 34. Kh2 Qc7 35. Rc5 Qb8 36. Qc3 g5 37. Qg3 h6 38. Qc3 Kg6 39. Kg1 e4 40.
Qc4 e3 41. Qd3+ Kg7 42. Qd4+ Kh7 43. Qd3+ Kg7 44. Qd4+ Kh7 45. fxe3 Qg3 46. Rf5
Kg6 47. Rf3 Qe5 48. Qd3+ Qe4 49. Qd8 Kg7 50. Qd7 Re7 51. Qd4+ Re5 52. Qb2 f6
53. b6 Qb7 54. Qb3 Qc6 55. b7 1-0

[Event "26. Open de Ajedrez Ciudad de Roquetas"]
[Site "Roquetas de Mar ESP"]
[Date "2015.01.04"]
[Round "4.4"]
[White "Forcen Esteban, Daniel"]
[Black "Pap, Misa"]
[Result "0-1"]
[WhiteElo "2526"]
[BlackElo "2462"]
[PlyCount "74"]
[EventDate "2015.01.02"]
[EventType "swiss"]
[EventRounds "9"]
[EventCountry "ESP"]
[Source "lmi"]
[SourceDate "2015.01.02"]

1. d4 Nf6 2. Nf3 e6 3. e3 c5 4. c4 cxd4 5. exd4 d5 6. Nc3 Bb4 7. cxd5 Nxd5 8.
Bd2 O-O 9. Bd3 Nc6 10. O-O Be7 11. a3 Nf6 12. Bg5 h6 13. Bh4 b6 14. Re1 Bb7 15.
Bc2 Nh5 16. d5 exd5 17. Qd3 g6 18. Bxe7 Nxe7 19. Qe3 d4 20. Nxd4 Nd5 21. Qxh6
Ndf4 22. Nf5 Re8 23. Rxe8+ Qxe8 24. Ne3 Qe5 25. Rd1 Bxg2 26. Nxg2 Nh3+ 27. Kf1
Qxh2 28. Qe3 Qg1+ 29. Ke2 Qxg2 30. Be4 N3f4+ 31. Kd2 Rd8+ 32. Kc2 Qg5 33. Nd5
Re8 34. Nc3 Nf6 35. Kb3 Nxe4 36. Nxe4 Qb5+ 37. Kc3 Rc8+ 0-1

[Event "26. Open de Ajedrez Ciudad de Roquetas"]
[Site "Roquetas de Mar ESP"]
[Date "2015.01.04"]
[Round "4.6"]
[White "Soltanici, Ruslan"]
[Black "Arribas Lopez, Angel"]
[Result "0-1"]
[WhiteElo "2345"]
[BlackElo "2537"]
[PlyCount "72"]
[EventDate "2015.01.02"]
[EventType "swiss"]
[EventRounds "9"]
[EventCountry "ESP"]
[Source "lmi"]
[SourceDate "2015.01.02"]

1. e4 c5 2. Nf3 d6 3. d4 cxd4 4. Nxd4 Nf6 5. Nc3 e6 6. Be3 a6 7. f3 h5 8. a4
Nc6 9. Be2 d5 10. exd5 Nxd5 11. Nxd5 Qxd5 12. Nxc6 Qxc6 13. O-O Bc5 14. Bxc5
Qxc5+ 15. Kh1 h4 16. Bd3 h3 17. g3 Bd7 18. Qe2 Rc8 19. c3 Ke7 20. Be4 Rc7 21.
f4 Bc6 22. Bxc6 Qxc6+ 23. Qf3 Rd8 24. Qxc6 Rxc6 25. Rf2 Rcd6 26. Kg1 Rd1+ 27.
Rxd1 Rxd1+ 28. Rf1 Rd3 29. Rf2 Kd6 30. Rc2 Kd5 31. b3 Rd1+ 32. Kf2 Ke4 33. Re2+
Kd3 34. Re5 Rd2+ 35. Kf3 Rxh2 36. g4 Rd2 0-1

[Event "26. Open de Ajedrez Ciudad de Roquetas"]
[Site "Roquetas de Mar ESP"]
[Date "2015.01.04"]
[Round "5.2"]
[White "Maiorov, Nikita"]
[Black "Franco Ocampos, Zenon"]
[Result "1/2-1/2"]
[WhiteElo "2596"]
[BlackElo "2490"]
[PlyCount "24"]
[EventDate "2015.01.02"]
[EventType "swiss"]
[EventRounds "9"]
[EventCountry "ESP"]
[Source "lmi"]
[SourceDate "2015.01.02"]

1. d4 Nf6 2. c4 e6 3. Nc3 Bb4 4. Qc2 c5 5. dxc5 O-O 6. a3 Bxc5 7. Nf3 b6 8. Bf4
Nc6 9. e3 Bb7 10. Be2 Nh5 11. Ng5 Nf6 12. Rd1 h6 1/2-1/2

[Event "26. Open de Ajedrez Ciudad de Roquetas"]
[Site "Roquetas de Mar ESP"]
[Date "2015.01.04"]
[Round "5.4"]
[White "Panelo, Marcelo A."]
[Black "Lopez Martinez, Josep Manuel"]
[Result "0-1"]
[WhiteElo "2423"]
[BlackElo "2538"]
[PlyCount "142"]
[EventDate "2015.01.02"]
[EventType "swiss"]
[EventRounds "9"]
[EventCountry "ESP"]
[Source "lmi"]
[SourceDate "2015.01.02"]

1. d4 Nf6 2. c4 e6 3. Nf3 d5 4. Nc3 Be7 5. Qc2 Nbd7 6. cxd5 exd5 7. Bg5 c6 8.
e3 Nh5 9. Bxe7 Qxe7 10. O-O-O Nb6 11. h3 g6 12. Bd3 Be6 13. Kb1 O-O-O 14. Rc1
Kb8 15. Na4 Ng7 16. Nxb6 axb6 17. Qb3 Qc7 18. Rc3 Bf5 19. Rhc1 Bxd3+ 20. Rxd3
Ne8 21. Rdc3 f6 22. Ne1 Rd7 23. Nd3 Nd6 24. Qd1 Nc4 25. b3 Na3+ 26. Kb2 Qd6 27.
Qg4 Nb5 28. R3c2 Re7 29. Qd1 Kc7 30. Qd2 Na3 31. Rc3 Ra8 32. Nb4 Nc4+ 33. Rxc4
dxc4 34. Rxc4 Kd7 35. a4 Ke8 36. Nc2 Qd5 37. f3 Qa5 38. Qf2 b5 39. Rb4 bxa4 40.
Rxa4 Qd8 41. Rxa8 Qxa8 42. Qh4 Rf7 43. Na3 Qb8 44. Qg4 Kf8 45. h4 Re7 46. h5
Rxe3 47. hxg6 hxg6 48. Qxg6 Qf4 49. Nc2 Re2 50. Kb1 Qg5 51. Qh7 Qxg2 52. Qh8+
Kf7 53. Qh7+ Qg7 54. Qd3 Qg1+ 55. Kb2 Qh2 56. Kc3 Rf2 57. Qf5 Re2 58. Nb4 Qh6
59. Nd3 Re7 60. Ne5+ Kg7 61. Nd3 Qg6 62. Qc8 Qg1 63. b4 Qa1+ 64. Kc4 Qa2+ 65.
Kc3 Qa3+ 66. Kd2 Qb3 67. Qg4+ Kf8 68. Qc8+ Kf7 69. Qf5 Qa2+ 70. Kc3 Qa1+ 71.
Kc4 b5+ 0-1

[Event "26. Open de Ajedrez Ciudad de Roquetas"]
[Site "Roquetas de Mar ESP"]
[Date "2015.01.04"]
[Round "5.5"]
[White "Arribas Lopez, Angel"]
[Black "Delorme, Axel"]
[Result "1-0"]
[WhiteElo "2537"]
[BlackElo "2502"]
[PlyCount "96"]
[EventDate "2015.01.02"]
[EventType "swiss"]
[EventRounds "9"]
[EventCountry "ESP"]
[Source "lmi"]
[SourceDate "2015.01.02"]

1. d4 d5 2. Nf3 e6 3. c4 a6 4. e3 Nf6 5. Nbd2 Nbd7 6. c5 g6 7. b4 Bg7 8. Bb2
O-O 9. Be2 Qe7 10. a4 e5 11. Nxe5 Nxe5 12. dxe5 Nd7 13. f4 a5 14. Nb3 c6 15. b5
f6 16. bxc6 bxc6 17. Nd4 fxe5 18. Nxc6 Qxc5 19. Qxd5+ Qxd5 20. Ne7+ Kh8 21.
Nxd5 Rb8 22. Bb5 exf4 23. Bxg7+ Kxg7 24. Nxf4 Ne5 25. Rc1 g5 26. Rc7+ Rf7 27.
Nh5+ Kg6 28. Rxf7 Nxf7 29. O-O Rb7 30. Nf6 Nd6 31. Bd3+ Bf5 32. Ne8 Bxd3 33.
Rf6+ Kh5 34. Rxd6 Bg6 35. Nf6+ Kh6 36. Rd5 Rb1+ 37. Kf2 Kg7 38. Ng4 Rb2+ 39.
Kf3 h5 40. Ne5 g4+ 41. Kf4 Be8 42. g3 Bxa4 43. Rxa5 Bd1 44. Kg5 Rxh2 45. Ng6
Kf7 46. Re5 Bc2 47. e4 Re2 48. Re7+ Kg8 1-0